Краеведческая книга. 2008, вып. 9 (Запись № 3819738)

Подробности
000 -МАРКЕР
контрольное поле 01426nam2a2200277 4500
001 - ИДЕНТИФИКАТОР ЗАПИСИ
контрольное поле RU\NLR\bibl\1971755
005 - ИДЕНТИФИКАТОР ВЕРСИИ
контрольное поле 20250616210117.0
010 ## - МЕЖДУНАРОДНЫЙ СТАНДАРТНЫЙ НОМЕР КНИГИ (ISBN)
Номер (ISBN) 978-5-89846-927-6
Тираж 300
035 ## - ДРУГИЕ СИСТЕМНЫЕ НОМЕРА
Идентификатор записи (NLR Aleph) 001960576
100 ## - ДАННЫЕ ОБЩЕЙ ОБРАБОТКИ
Данные общей обработки 20121128d2010 |||y0rusy50 ca
101 0# - ЯЗЫК РЕСУРСА
Язык текста, звукозаписи и т.д. русский
102 ## - СТРАНА ПУБЛИКАЦИИ ИЛИ ПРОИЗВОДСТВА
Страна публикации Российская Федерация
105 ## - ПОЛЕ КОДИРОВАННЫХ ДАННЫХ: ТЕКСТОВЫЕ МАТЕРИАЛЫ, МОНОГРАФИЧЕСКИЕ
Кодированные данные о монографическом текстовом документе y |||||||||
200 0# - ЗАГЛАВИЕ И СВЕДЕНИЯ ОБ ОТВЕТСТВЕННОСТИ
Основное заглавие 2008, вып. 9
Первые сведения об ответственности ... Учреждение Ханты-Манс. авт. окр. - Югры "Гос. б-ка Югры", Отд. краевед. лит. и библиогр.
Последующие сведения об ответственности [сост.: Г.Я. Фетисова
-- ред. библиогр. описания: Л.И. Яркова]
210 ## - ПУБЛИКАЦИЯ, РАСПРОСТРАНЕНИЕ И ДР.
Дата издания, распространения и т.д. 2010
Место издания, распространения и т.д. Б. м.
215 ## - ФИЗИЧЕСКАЯ ХАРАКТЕРИСТИКА
Специфическое обозначение материала и объем 107 с.
320 ## - ПРИМЕЧАНИЯ О НАЛИЧИИ В ДОКУМЕНТЕ БИБЛИОГРАФИИ / УКАЗАТЕЛЯ
Текст примечания Имен. указ.: с. 81-89
461 #0 - УРОВЕНЬ НАБОРА
Встроенное поле 001RU\NLR\bibl\325134
-- 2001#$aКраеведческая книга$v2008, вып. 9
Системный номер (АБИС) связанной записи 92025
Место публикации Ханты-Мансийск
Дата публикации 2002
Первые сведения об ответственности Деп. культуры и искусства Ханты-Манс. авт. окр., Гос. центр. окр. б-ка
Имя издателя, распространителя и т.д. Полиграфист
Сведения, относящиеся к заглавию Библиогр. указ. лит. о Ханты-Манс. авт. окр.
Заглавие Краеведческая книга
Номер тома 2008, вып. 9
702 #1 - ИМЯ ЛИЦА - ВТОРИЧНАЯ ОТВЕТСТВЕННОСТЬ
Начальный элемент ввода Фетисова
Часть имени, кроме начального элемента ввода Г. Я.
Расширение инициалов личного имени Галина Яковлевна
Код отношения Составитель
702 #1 - ИМЯ ЛИЦА - ВТОРИЧНАЯ ОТВЕТСТВЕННОСТЬ
Начальный элемент ввода Яркова
Часть имени, кроме начального элемента ввода Л. И.
Код отношения Редактор
801 #0 - ИСТОЧНИК ЗАПИСИ
Страна Российская Федерация
Организация NLR
Дата составления 20121128
Правила каталогизации RCR
801 #1 - ИСТОЧНИК ЗАПИСИ
Страна Российская Федерация
Организация NLR
Дата составления 20121128
942 ## - ДОПОЛНИТЕЛЬНЫЕ ЭЛЕМЕНТЫ ЗАПИСИ (АБИС)
Тип экземпляра АБИС Книга
980 ## - КОЛЛЕКЦИЯ
Название коллекции Национальная библиография
Экземпляры
Тип экземпляра Дата поступления Источник поступления Библиотека постоянного хранения Библиотека текущего хранения Место хранения Шифр хранения Штрих-код Статус экземпляра
Книга 28.11.2012 Контрольный экземпляр из типографии РНБ (Московский) РНБ (Московский) Центральная справочная библиотека С 2002-5/56 1-1815575